000 00728nam a2200253 i 4500
001 000027581
003 DO-SdBNP
005 20240122142851.0
007 ta
008 110401s1980 dr r 000 0 spa d
040 _aDO-SdBNP
_bspa
_cBNPHU
_erda
082 4 _bL961p
_222
100 1 _aLuna, Eduardo,
_925917
_eautor
245 1 0 _aProporciones, funciones y aplicaciones /
_cEduardo Luna, Dorotea Morey.
264 _aSanto Domingo :
_bUCMM,
_c1980.
300 _a151 páginas ;
_c22 cm.
336 _2rdacontent
_atexto
_btxt
337 _2rdamedia
_asin mediación
_bn
338 _2rdacarrier
_avolumen
_bnc
490 _aTextos
590 _aInventariado, 2024/BT
700 1 _aMorey, Dorotea
_954678
942 _2ddc
_cLBS1
999 _c27073
_d27073